Турандот (Запис номер 297062)
[ съкратено ]
| 000 -Лидер | |
|---|---|
| Контролно поле с фиксирана дължина | 01722ncm a2200373 c 4500 |
| 003 - Код на организацията, давaща контролен номер | |
| Контролно поле | BLK |
| 005 - Дата и час на последна редакция | |
| Контролно поле | 20250311142033.0 |
| 008 - Елементи от данни с фиксирана дължина | |
| fixed length control field | 180414b bul |a|er|||| |0| c|bulo| |
| 010 ## - Наследен системен номер | |
| LC control number | NOT00000412000 |
| 040 ## - Източник на каталожния запис | |
| Идентификатор на билиотеката - собственик на записа | BLK |
| 041 ## - Код за език | |
| Код за езика на текст/звукозапис или на отделно заглавие | Руски |
| Код за езика КДБФ | Руски |
| 080 ## - УДК | |
| Текстов определител УДК | Опера. Музикална драма. Романтична опера. Опера-приказка |
| УДК код - определител по УДК | 782.1 |
| УДК - код + определител | 782.1 |
| 100 ## - Редна дума - Автор | |
| Автор | Пучини, Джакомо |
| Дати, свързани с автора | 1858 - 1924 |
| Автор - информация (биография) | Оперен композитор |
| Пълна форма на името | Пучини, Джакомо Антонио Доменико Микеле Секондо Мария |
| R(LIN) | 387431 |
| 139 ## - Редно поле | |
| Редна дума | Пучини, Джакомо |
| Авторски знак | Пу - П 93 |
| 245 10 - Сведения за заглавието | |
| Заглавие | Турандот |
| Подзаглавни данни | Лирическая драма в 3 д., 5 карт. |
| Редно поле (дума) | Джакомо Пучини; * Giacomo Puccini; либрето Джузепе Адами; либрето Ренато Симони; по Фридрих Шилер; по Карло Гоци. |
| 254 ## - Сведения за формата на нотното издание | |
| Формат на описваните ноти | Клавир |
| 257 ## - Страна на издаване | |
| Страна на създаване/издаване | Русия |
| 260 ## - Област на издателските данни | |
| Име на издателя, разпространителя и проч. | Музыка |
| Година на издаване | 1980 |
| 9 (RLIN) | 402764 |
| Информация за издателството | Музыка. Ленинградское отделение |
| 300 ## - Физическа характеристика | |
| Страници | 447 с. |
| Размери/Мащаб | 30 см |
| 380 ## - Жанр | |
| Жанр | Изкуство |
| 500 ## - Общи забележки | |
| Забележка | Текст на руски и итал. ез. |
| 700 1# - Други автори (авторска отговорност) | |
| Лично име | Puccini, Giacomo |
| Автороска отговорност (Описва отношението между автора и произведението) | * |
| 9 (RLIN) | 21794 |
| 700 1# - Други автори (авторска отговорност) | |
| Лично име | Адами, Джузепе |
| Автороска отговорност (Описва отношението между автора и произведението) | либрето |
| 9 (RLIN) | 29528 |
| 700 1# - Други автори (авторска отговорност) | |
| Лично име | Симони, Ренато |
| Автороска отговорност (Описва отношението между автора и произведението) | либрето |
| 9 (RLIN) | 361658 |
| 700 1# - Други автори (авторска отговорност) | |
| Лично име | Шилер, Фридрих |
| Автороска отговорност (Описва отношението между автора и произведението) | по |
| 9 (RLIN) | 373563 |
| 700 1# - Други автори (авторска отговорност) | |
| Лично име | Гоци, Карло |
| Автороска отговорност (Описва отношението между автора и произведението) | по |
| 9 (RLIN) | 55503 |
| 852 ## - Местоположение | |
| Форматна сигнатура | Цб М ІІ 8386 |
| 856 4# - Електронен адрес и достъп | |
| Електронен формат | pdf - файл |
| Път до файла /url/ | |
| 856 4# - Електронен адрес и достъп | |
| Електронен формат | pdf - файл |
| Път до файла /url/ | |
| 999 ## - СИСТЕМНИ КОНТРОЛНИ НОМЕРА | |
| Koha biblionumber | 297062 |
| Koha biblioitemnumber | 297062 |
| 942 ## - АРТИКУЛИ | |
| Вид на библиотечния материал | Нотни издания |
| Скрит в OPAC | Не |
| Периодичен библиозапис | Да |
| Koha issues (borrowed), all copies | 1 |
| 944 ## - СЪЗДАВАНЕ И РЕДАКЦИЯ на ЗАПИСА | |
| Създаване/Редакция | Създаване |
| Дата на регистрацията/редакция | 22.12.2003 |
| Служител, извършил регистрацията/редакцията | 30560 |
| Статус, дата на статуса | Геновева Генчева |
| 944 ## - СЪЗДАВАНЕ И РЕДАКЦИЯ на ЗАПИСА | |
| Създаване/Редакция | Редакция |
| Дата на регистрацията/редакция | 25.03.2018 |
| Служител, извършил регистрацията/редакцията | Виолета_Тройчева |
| 999 ## - СИСТЕМНИ КОНТРОЛНИ НОМЕРА | |
| Koha biblioitemnumber | 297062 |
| Код за отписване | Код за изгубен артикул | Източник на класификационната схема | Код за повреда | Коз за рестрикции | Код за отдаване | Артикулен № | Име на библиотеката - собственик | Име на библиотеката, в която се намира в момента | Статус (Текущо местоположение) | Дата на вписване в системата | Местоположение - отдел | Цена в лева | Инвентарен номер | Систематично азбучна сигнатура | Баркод | Номер на екземпляра | Цена в евро | Служебна бележка | Служебен тип на артикула |
|---|---|---|---|---|---|---|---|---|---|---|---|---|---|---|---|---|---|---|---|
| Не е изгубен | Universal Decimal Classification | Не е повреден | само за читалня | ползва се в читалня | 647563 | Регионална библиотека "Любен Каравелов" Русе | Регионална библиотека "Любен Каравелов" Русе | Хранилище | 1981-01-01 | Основен фонд - ползва се само за читалня | 8.40 | 328503 | Цб М II 8386 | 900000018981 | 1 | 4.29 | N: стар фонд Дата: 01.01.1981 | Нотни издания | |
| Не е изгубен | Universal Decimal Classification | Не е повреден | без рестрикции | заемане за дома | 647564 | Регионална библиотека "Любен Каравелов" Русе | Регионална библиотека "Любен Каравелов" Русе | Отдел Изкуство - подръчен фонд | 1981-01-01 | Отдел Изкуство - подръчен фонд | 10.00 | 328504 | 782.1/П 93 | 900000018982 | 2 | 5.11 | N: стар фонд Дата: 01.01.1981 | Нотни издания |